| 000 | 00722nam a22002417a 4500 | ||
|---|---|---|---|
| 003 | UA-OsUOA | ||
| 001 | 117551 | ||
| 007 | ta | ||
| 008 | 20160531b un ||||| |||| 00| 0 ukr d | ||
| 100 | _aКониський О. Я. | ||
| 090 |
_a82.09(477) _bК64 |
||
| 942 | _cBK | ||
| 040 |
_aUA-OsUOA _bukr _cUA-OsUOA _dUA-OsUOA |
||
| 245 |
_aТарас Шевченко-Грушівський. Хроніка його життя _cупоряд. В. Л. Смілянська |
||
| 300 | _a672 с. | ||
| 955 | _a3 | ||
| 041 | _aukr | ||
| 080 | _a82.09(477) | ||
| 020 | _a978-617-7023-18-9 | ||
| 260 |
_aК. _bКліо _c2014 |
||
| 650 | 7 |
_a82 Література. Літературознавство _2UDC |
|
| 999 |
_c403581 _d403581 |
||